<?xml version="1.0" encoding="UTF-8"?>
<record
    xmlns:xsi="http://www.w3.org/2001/XMLSchema-instance"
    xsi:schemaLocation="http://www.loc.gov/MARC21/slim http://www.loc.gov/standards/marcxml/schema/MARC21slim.xsd"
    xmlns="http://www.loc.gov/MARC21/slim">

  <leader>00206nam a2200085   4500</leader>
  <controlfield tag="001">1256374</controlfield>
  <controlfield tag="005">20251227121849.0</controlfield>
  <datafield tag="245" ind1=" " ind2=" ">
    <subfield code="a">A&#x15E;K VE FL&#xD6;RT KISKACINDA ERGEN</subfield>
    <subfield code="c">M. KEMAL HAYTA</subfield>
  </datafield>
  <datafield tag="260" ind1=" " ind2=" ">
    <subfield code="b">T&#x130;MA&#x15E; YAYINLARI</subfield>
  </datafield>
  <datafield tag="999" ind1=" " ind2=" ">
    <subfield code="c">1256374</subfield>
    <subfield code="d">1256374</subfield>
  </datafield>
  <datafield tag="952" ind1=" " ind2=" ">
    <subfield code="0">0</subfield>
    <subfield code="1">0</subfield>
    <subfield code="2">ddc</subfield>
    <subfield code="4">0</subfield>
    <subfield code="7">0</subfield>
    <subfield code="a">1058</subfield>
    <subfield code="b">1058</subfield>
    <subfield code="d">2025-12-27</subfield>
    <subfield code="l">0</subfield>
    <subfield code="o">V5</subfield>
    <subfield code="p">10589855</subfield>
    <subfield code="r">2025-12-27 12:19:23</subfield>
    <subfield code="w">2025-12-27</subfield>
    <subfield code="y">BK</subfield>
  </datafield>
</record>
